000
00329nam a2200145Ia 4500
008
150201s2012 xx 000 0 und d
082
_a
614.88
_b
F12P
100
_a
PANDA , U.N.
245
_a
FIRST AID FOR NURSES
250
_a
2ND
260
_b
AITBS
_a
DELHI
_c
2012
300
_a
133
650
_a
FIRST AID
942
_2
ddc
_c
BK
_0
9
999
_c
2004
_d
2004